| 000 | 00620nam a2200229Ia 4500 | ||
|---|---|---|---|
| 005 | 20260320201726.0 | ||
| 008 | 008 262003s9999 xx 000 0 eng d | ||
| 037 | _aEBOOK | ||
| 040 | _aCRL | ||
| 040 | _beng | ||
| 040 | _cCRL | ||
| 041 | _2eng | ||
| 041 | _aeng | ||
| 084 | _qCRL | ||
| 100 |
_aHeidergott _91135769 |
||
| 245 | 0 | _aMax Plus at Work: Modeling and Analysis of Synchronized Systems: A Course on Max-Plus Algebra and Its Applications | |
| 260 | _bIEEE | ||
| 856 | _uhttps://ieeexplore.ieee.org/servlet/opac?bknumber=9452689 | ||
| 942 | _cEBOOK | ||
| 999 |
_c1723159 _d1723159 |
||